[Event "OLNO 1819 TSG Oberschöneweide - SC Emp"]
[Site "?"]
[Date "2018.11.25"]
[Round "3.6"]
[White "Jauk, Wilhelm"]
[Black "Wuttke, Hans"]
[Result "1/2-1/2"]
[WhiteElo "2160"]
[BlackElo "2163"]
[PlyCount "82"]
[EventDate "2018.??.??"]

1. d4 d6 2. Nf3 Bg4 3. Nbd2 Nd7 4. b3 c6 5. Bb2 d5 6. e4 e6 7. Bd3 Bb4 8. c3
Ba5 9. O-O Ne7 10. Qc2 h6 11. Ba3 O-O 12. Ne5 Nxe5 13. dxe5 Re8 14. h3 Bh5 15.
Bxe7 Rxe7 16. exd5 cxd5 17. b4 Bc7 18. Rae1 Qe8 19. f4 Bb6+ 20. Kh1 Bg6 21.
Bxg6 fxg6 22. Rf3 Rc8 23. Qd3 Rec7 24. Rc1 a5 25. a3 axb4 26. axb4 Qf7 27. c4
dxc4 28. Rxc4 Rc6 29. Rxc6 Rxc6 30. Nc4 Qf5 31. Nxb6 Qxd3 32. Rxd3 Rxb6 33. Rd4
Kf8 34. Kg1 Ke7 35. Kf2 Rc6 36. Kf3 Rc2 37. Rd6 Rc3+ 38. Ke2 Rc2+ 39. Kf3 Rc3+
40. Ke2 Rc2+ 41. Kf3 Rc3+ 1/2-1/2

[Event "OLNO 1819 TSG Oberschöneweide - SC Emp"]
[Site "?"]
[Date "2018.11.25"]
[Round "3.7"]
[White "Bachmann, Volker"]
[Black "Bellmann, Rambald"]
[Result "1-0"]
[WhiteElo "2119"]
[BlackElo "2119"]
[PlyCount "95"]
[EventDate "2018.??.??"]

1. d4 Nf6 2. c4 g6 3. Nc3 Bg7 4. e4 d6 5. f4 O-O 6. Nf3 Nfd7 7. Bd3 c5 8. d5
Na6 9. O-O Nc7 10. Be3 a6 11. a4 Rb8 12. Qd2 Nf6 13. h3 Bd7 14. e5 Nfe8 15. a5
b5 16. axb6 Rxb6 17. g4 Qb8 18. Ra2 f6 19. e6 Bc8 20. f5 g5 21. Na4 Rb4 22. Qc2
Na8 23. Bd2 Rb7 24. Ba5 Nec7 25. Nd2 Qa7 26. Kg2 Rb8 27. Be4 Qb7 28. Rf3 Qa7
29. Rb3 Rxb3 30. Qxb3 Qb7 31. Ra3 Qa7 32. Nb6 Nxb6 33. Qxb6 Qxb6 34. Bxb6 Na8
35. Ba5 Bb7 36. Rb3 Rb8 37. Kf3 Kf8 38. Nb1 Ke8 39. Nc3 Bh6 40. Na4 Bf8 41. Ke3
Bg7 42. Kd2 Bh8 43. Kc2 Bg7 44. Kb1 Bh8 45. Ka2 Bg7 46. Bc2 Bh8 47. Nb6 Nxb6
48. Rxb6 1-0

[Event "OLNO 1819 TSG Oberschöneweide - SC Emp"]
[Site "?"]
[Date "2018.11.25"]
[Round "3.8"]
[White "Syre, Christian"]
[Black "Germann, Heike"]
[Result "1/2-1/2"]
[WhiteElo "2174"]
[BlackElo "2078"]
[PlyCount "37"]
[EventDate "2018.??.??"]

1. Nf3 Nf6 2. b3 g6 3. Bb2 Bg7 4. e3 O-O 5. d4 d5 6. Be2 Bf5 7. O-O Ne4 8. c4
c5 9. cxd5 Qxd5 10. Ne5 cxd4 11. exd4 Nd7 12. Na3 Nxe5 13. dxe5 Rfd8 14. Qxd5
Rxd5 15. Bf3 Rd7 16. Rfd1 Rad8 17. Rxd7 Rxd7 18. Rd1 Rxd1+ 19. Bxd1 1/2-1/2

[Event "OLNO 1819 SV Empor Berlin - TuS Makkabi"]
[Site "?"]
[Date "2018.11.25"]
[Round "3.1"]
[White "Brener, Ilja"]
[Black "Thinius, Marco"]
[Result "1-0"]
[WhiteElo "2401"]
[BlackElo "2404"]
[PlyCount "77"]
[EventDate "2018.??.??"]

1. Nf3 c5 2. g3 Nc6 3. Bg2 g6 4. c3 e5 5. d4 cxd4 6. cxd4 e4 7. Ne5 d5 8. Nxc6
bxc6 9. Nd2 Bg7 10. Nb3 Ne7 11. Bg5 h6 12. Bxe7 Qxe7 13. Qd2 O-O 14. e3 Bd7 15.
Nc5 Rfb8 16. Bf1 a5 17. Rc1 Bc8 18. Be2 Bh3 19. Rc3 Qa7 20. Qc2 Bf8 21. Kd2 Bc8
22. Kc1 Bd6 23. h4 Qe7 24. Rd1 Qf6 25. Bf1 Kg7 26. Kb1 g5 27. hxg5 hxg5 28. Rc1
Qe7 29. Ka1 Ra7 30. Be2 Qf6 31. Bd1 Rb4 32. Qd2 Qe7 33. g4 Rb8 34. f3 exf3 35.
Bxf3 Rb5 36. Rh1 Qf6 37. Be2 Bxc5 38. Bxb5 Bxd4 39. Qh2 1-0

[Event "OLNO 1819 SV Empor Berlin - TuS Makkabi"]
[Site "?"]
[Date "2018.11.25"]
[Round "3.2"]
[White "Foerster, Jonas"]
[Black "Kiesekamp, Marcos"]
[Result "1-0"]
[WhiteElo "2263"]
[BlackElo "2303"]
[PlyCount "111"]
[EventDate "2018.??.??"]

1. d4 d5 2. c4 e6 3. Nc3 Nf6 4. Bg5 Be7 5. e3 O-O 6. Nf3 Nbd7 7. Rc1 a6 8. cxd5
exd5 9. Bd3 c5 10. dxc5 Nxc5 11. O-O Nxd3 12. Qxd3 Be6 13. Rfd1 Rc8 14. h3 h6
15. Bh4 Qb6 16. b3 Rfd8 17. Nd4 Qb4 18. Nce2 Ne4 19. Bxe7 Qxe7 20. f3 Nf6 21.
Nf4 Bd7 22. Qd2 b6 23. Rxc8 Rxc8 24. Rc1 Rxc1+ 25. Qxc1 Qc5 26. Nd3 Qxc1+ 27.
Nxc1 Kf8 28. Kf2 Ke7 29. g4 Kd6 30. h4 Ne8 31. Nd3 g5 32. Kg3 Ng7 33. f4 f6 34.
Nf2 Ke7 35. Nf3 Ne6 36. Nh3 gxh4+ 37. Nxh4 Nc5 38. Nf2 a5 39. Nf3 b5 40. Nd4 b4
41. Kh4 Kf7 42. f5 Be8 43. Ne2 Ke7 44. Nf4 Kd6 45. Ng6 Bb5 46. Kh5 Bc4 47. Kxh6
Nxb3 48. g5 Nc5 49. gxf6 Nd7 50. Kg7 Bxa2 51. Nd3 Bb1 52. Nge5 Nxf6 53. Kxf6 d4
54. exd4 Ba2 55. Nf3 Bc4 56. Nb2 1-0

[Event "OLNO 1819 SV Empor Berlin - TuS Makkabi"]
[Site "?"]
[Date "2018.11.25"]
[Round "3.4"]
[White "Meissner, Hans-Juergen"]
[Black "Gazmaga, Stefan"]
[Result "1/2-1/2"]
[WhiteElo "2223"]
[BlackElo "2158"]
[PlyCount "77"]
[EventDate "2018.??.??"]

1. e4 c5 2. Nf3 d6 3. d4 cxd4 4. Nxd4 Nf6 5. Nc3 g6 6. Be3 Bg7 7. f3 O-O 8. Qd2
Nc6 9. Bc4 Bd7 10. Bb3 Qa5 11. h4 Rfc8 12. h5 Nxh5 13. Nde2 Ne5 14. Bh6 Nc4 15.
Bxc4 Rxc4 16. Bxg7 Kxg7 17. g4 Nf6 18. Qh6+ Kg8 19. O-O-O Rac8 20. Rd3 R8c5 21.
Rd5 Be6 22. Rd3 b5 23. g5 b4 24. gxf6 exf6 25. Rxd6 bxc3 26. Rxe6 fxe6 27.
Qxh7+ Kf8 28. Qd7 cxb2+ 29. Kb1 Rh5 30. Rxh5 gxh5 31. Qd6+ Kf7 32. Qd7+ Kf8 33.
Qd6+ Kf7 34. Qd7+ Kg6 35. Qe8+ Kg7 36. Qe7+ Kg6 37. Qe8+ Kg7 38. Qe7+ Kg6 39.
Qe8+ 1/2-1/2

[Event "OLNO 1819 SV Empor Berlin - TuS Makkabi"]
[Site "?"]
[Date "2018.11.25"]
[Round "3.5"]
[White "Sawlin, Michail"]
[Black "Schabe, Felix"]
[Result "0-1"]
[WhiteElo "2180"]
[BlackElo "1845"]
[PlyCount "54"]
[EventDate "2018.??.??"]

1. e4 d6 2. d4 Nf6 3. Nc3 g6 4. f3 b6 5. Be3 c5 6. dxc5 bxc5 7. e5 Nfd7 8. exd6
exd6 9. Bc4 Bb7 10. Qe2 Ne5 11. Bxc5 Qh4+ 12. Bf2 Qxc4 13. Qd2 h5 14. O-O-O Bh6
15. Be3 Bxe3 16. Qxe3 Nbd7 17. Nge2 Qc5 18. Qf4 Rc8 19. Rhe1 O-O 20. h4 Nc4 21.
Kb1 Ne3 22. Rxd6 Ne5 23. Qf6 Nxg2 24. Red1 Ne3 25. Rg1 N3g4 26. Rdd1 Nxf3 27.
Rgf1 Rc6 0-1

[Event "OLNO 1819 SV Empor Berlin - TuS Makkabi"]
[Site "?"]
[Date "2018.11.25"]
[Round "3.7"]
[White "Paris, Grigori"]
[Black "Silz, Elisa"]
[Result "1/2-1/2"]
[WhiteElo "1972"]
[BlackElo "1995"]
[PlyCount "59"]
[EventDate "2018.??.??"]

1. e4 c5 2. Nf3 d6 3. d4 cxd4 4. Nxd4 Nf6 5. Nc3 a6 6. a4 b6 7. Bd3 Bb7 8. O-O
e6 9. f4 d5 10. e5 Bc5 11. Nce2 Ne4 12. c3 Nc6 13. Be3 O-O 14. Bxe4 dxe4 15. b4
Bxd4 16. Nxd4 Qc7 17. Nxc6 Qxc6 18. Qd6 Qxc3 19. Qxb6 Qc6 20. Rac1 Qxb6 21.
Bxb6 Rfc8 22. Kf2 Bd5 23. Rc5 Rxc5 24. Bxc5 Rc8 25. Rc1 Bb3 26. a5 f6 27. Ke3
f5 28. Rc3 Ba4 29. Bd4 Rxc3+ 30. Bxc3 1/2-1/2

[Event "OLNO 1819 SV Empor Berlin - TuS Makkabi"]
[Site "?"]
[Date "2018.11.25"]
[Round "3.3"]
[White "Krefenstein, Sergej"]
[Black "Urban, Julian"]
[Result "1/2-1/2"]
[WhiteElo "2112"]
[BlackElo "2253"]
[PlyCount "138"]
[EventDate "2018.??.??"]

1. d4 Nf6 2. Nf3 g6 3. Bf4 Bg7 4. e3 O-O 5. Be2 d6 6. h3 c5 7. Nbd2 cxd4 8.
exd4 Nc6 9. c3 Re8 10. Nc4 Be6 11. O-O Rc8 12. Ne3 Nd5 13. Nxd5 Bxd5 14. Bg5
Qb6 15. Qd2 a5 16. Ne1 a4 17. Nc2 Na5 18. Ne3 Bc4 19. Rfe1 Bxe2 20. Qxe2 Qc6
21. Rad1 b5 22. Qg4 d5 23. Qh4 Rc7 24. Ng4 Nc4 25. Re2 Nd6 26. Ne5 Bxe5 27.
dxe5 Nf5 28. Qf4 Qe6 29. Red2 Rc4 30. Qf3 Qxe5 31. Rxd5 Qe6 32. Rxb5 Nd6 33.
Rb6 Re4 34. Bf4 Qxa2 35. Bxd6 exd6 36. Rdxd6 Qc4 37. Qd3 Qc7 38. Rbc6 Qb8 39.
Rb6 Qa7 40. Rbc6 Qb8 41. Rb6 Qc7 42. g3 Qc5 43. Rb5 Qc8 44. Kg2 Qa8 45. Qd5
Qxd5 46. Rdxd5 Ra8 47. Rd7 Re6 48. Rbb7 Rf6 49. Ra7 Rxa7 50. Rxa7 Rb6 51. Rxa4
Rxb2 52. Rf4 Kg7 53. h4 h5 54. c4 f6 55. Kf3 g5 56. Rd4 Kg6 57. Ke3 Rc2 58.
hxg5 fxg5 59. f3 Rc3+ 60. Ke4 h4 61. gxh4 gxh4 62. Kd5 h3 63. Rg4+ Kf5 64. Rg3
Rd3+ 65. Kc6 Rd4 66. Rxh3 Rxc4+ 67. Kd5 Ra4 68. Rh5+ Kf6 69. Rh1 Kf5 1/2-1/2

[Event "OLNO 1819 SC Weisse Dame - SK König Teg"]
[Site "?"]
[Date "2018.11.25"]
[Round "3.1"]
[White "Giemsa, Stephan"]
[Black "Moeller, Hendrik"]
[Result "1/2-1/2"]
[WhiteElo "2285"]
[BlackElo "2250"]
[PlyCount "105"]
[EventDate "2018.??.??"]

1. d4 d5 2. c4 e6 3. Nf3 c5 4. cxd5 exd5 5. Nc3 Nc6 6. dxc5 d4 7. Na4 Bxc5 8.
Nxc5 Qa5+ 9. Bd2 Qxc5 10. Rc1 Qb6 11. e3 Nf6 12. Bc4 dxe3 13. Bxe3 Qb4+ 14. Bd2
Qe7+ 15. Be2 O-O 16. O-O Be6 17. Re1 Qd6 18. a3 h6 19. Be3 Qxd1 20. Rexd1 Rfd8
21. Nd4 Nxd4 22. Rxd4 Rxd4 23. Bxd4 Nd5 24. g3 b6 25. f3 Rd8 26. Rd1 f6 27. Kf2
Kf7 28. h4 h5 29. Rd2 Rc8 30. Bd3 Ne7 31. Ba6 Rc1 32. Be3 Rc6 33. Bf4 Bc8 34.
Bd3 Be6 35. Bb8 a5 36. Rc2 Rxc2+ 37. Bxc2 Nd5 38. Bd6 Ke8 39. Ba4+ Bd7 40. Bc2
Kf7 41. Be4 Bc6 42. Bb8 g6 43. g4 a4 44. gxh5 gxh5 45. Ke2 Ne7 46. Bd3 Ke6 47.
Bg3 Nf5 48. Bf2 Ke5 49. Bxb6 Nxh4 50. Bc7+ Kd4 51. Bb6+ Ke5 52. Bc7+ Kd4 53.
Bb6+ 1/2-1/2

[Event "OLNO 1819 SC Weisse Dame - SK König Teg"]
[Site "?"]
[Date "2018.11.25"]
[Round "3.2"]
[White "Waldmann, Hans-Joachim"]
[Black "Jaeger, Tobias"]
[Result "1-0"]
[WhiteElo "2296"]
[BlackElo "2161"]
[PlyCount "123"]
[EventDate "2018.??.??"]

1. e4 e6 2. d4 d5 3. Bd3 c5 4. exd5 exd5 5. dxc5 Bxc5 6. Nf3 Nf6 7. O-O O-O 8.
Bg5 h6 9. Bh4 Nc6 10. Nbd2 a6 11. c3 Ba7 12. Nb3 Bg4 13. Be2 Re8 14. Nfd4 Bxe2
15. Nxe2 Re4 16. Bg3 Qe7 17. Nf4 Rd8 18. Nd2 g5 19. Nh5 Re6 20. Nxf6+ Qxf6 21.
Qb3 d4 22. Rad1 dxc3 23. bxc3 h5 24. h3 h4 25. Bc7 Rde8 26. Nf3 Qe7 27. Bh2 Kg7
28. Nd4 Nxd4 29. cxd4 Qd7 30. Qf3 Bb8 31. Bxb8 Rxb8 32. Qf5 Qe7 33. f4 Rg6 34.
d5 Rd8 35. Kh1 Rdd6 36. Qe5+ Qxe5 37. fxe5 Rd7 38. Rf5 Kh6 39. d6 Re6 40. Rdf1
Kg6 41. g4 b5 42. Rf6+ Rxf6 43. Rxf6+ Kg7 44. Kg2 b4 45. Kf3 a5 46. Ke4 a4 47.
Kd5 Ra7 48. Rf1 Kf8 49. e6 b3 50. axb3 axb3 51. d7 Ra5+ 52. Kc4 Ke7 53. Rxf7+
Kxe6 54. d8=Q Kxf7 55. Qxa5 b2 56. Qb6 Kg7 57. Qxb2+ Kg6 58. Kd5 Kf7 59. Kd6
Kg6 60. Ke7 Kh7 61. Kf8 Kg6 62. Qg7# 1-0

[Event "OLNO 1819 SC Weisse Dame - SK König Teg"]
[Site "?"]
[Date "2018.11.25"]
[Round "3.3"]
[White "Jahnz, Fabian"]
[Black "Hansen, Kay"]
[Result "0-1"]
[WhiteElo "2240"]
[BlackElo "2130"]
[PlyCount "116"]
[EventDate "2018.??.??"]

1. e4 c6 2. Ne2 d5 3. e5 Bf5 4. Ng3 Bg6 5. h4 h6 6. h5 Bh7 7. e6 fxe6 8. d4 Qd6
9. f4 g5 10. hxg6 Bxg6 11. Bd3 Bf7 12. Be3 Nd7 13. Nd2 Ngf6 14. Qe2 c5 15. c3
a6 16. Nf3 Rg8 17. Rh3 Ng4 18. Bd2 Qb6 19. O-O-O Rc8 20. Kb1 cxd4 21. cxd4 Bg7
22. Bh7 Rh8 23. Bc2 Rg8 24. Bc1 Rc4 25. Bb3 Rc7 26. Bd2 Ndf6 27. Bc3 Qb5 28.
Qe1 Ne4 29. Nxe4 dxe4 30. Ne5 Bxe5 31. dxe5 e3 32. Rd4 Bg6+ 33. Ka1 Kf7 34. Bd1
Rxc3 35. Qxc3 Qf1 36. Qc4 Qxc4 37. Rxc4 Nf2 38. Rxe3 Nxd1 39. Re1 Nf2 40. b4
Bd3 41. Rc7 Be4 42. Rg1 Rg3 43. Rc8 Nd3 44. Rh8 Nxb4 45. Rxh6 Rxg2 46. Rxg2
Bxg2 47. Rh7+ Ke8 48. Kb2 Nd3+ 49. Kc3 Nxf4 50. Kd4 Bc6 51. Kc5 Kd7 52. Kb6
Nd5+ 53. Kc5 b6+ 54. Kd4 Nb4 55. Rh2 Bd5 56. Rb2 Nc6+ 57. Kc3 b5 58. Re2 Kc7
0-1

[Event "OLNO 1819 SC Weisse Dame - SK König Teg"]
[Site "?"]
[Date "2018.11.25"]
[Round "3.4"]
[White "Pfeffer, Ruprecht"]
[Black "Kather, Yannick"]
[Result "1/2-1/2"]
[WhiteElo "2259"]
[BlackElo "2126"]
[PlyCount "80"]
[EventDate "2018.??.??"]

1. e4 c5 2. Nf3 Nc6 3. d4 cxd4 4. Nxd4 g6 5. Nc3 Bg7 6. Be3 Nf6 7. Bc4 Qa5 8.
O-O O-O 9. Nb3 Qc7 10. Bg5 b6 11. Be2 Bb7 12. f4 Na5 13. Nxa5 bxa5 14. e5 Ne4
15. Nxe4 Bxe4 16. Bxe7 Rfc8 17. c3 Qb6+ 18. Rf2 Re8 19. Ba3 Bf8 20. Bxf8 Rxf8
21. Bg4 Rad8 22. Qd2 d6 23. e6 fxe6 24. Bxe6+ Kg7 25. Re1 d5 26. Bg4 Rf7 27.
Kh1 Rdf8 28. c4 Qc5 29. Be6 Qxc4 30. Bxf7 Rxf7 31. b3 Qb4 32. Qb2+ Kg8 33. Rd1
a4 34. Qe5 axb3 35. axb3 Qb6 36. Kg1 Rc7 37. Qe8+ Kg7 38. Qe5+ Kg8 39. Qe8+ Kg7
40. Qe5+ Kg8 1/2-1/2

[Event "OLNO 1819 SC Weisse Dame - SK König Teg"]
[Site "?"]
[Date "2018.11.25"]
[Round "3.5"]
[White "Niehaus, Frank"]
[Black "Abraham, Ingo"]
[Result "0-1"]
[WhiteElo "2193"]
[BlackElo "2207"]
[PlyCount "92"]
[EventDate "2018.??.??"]

1. e4 c5 2. Nf3 e6 3. d4 cxd4 4. Nxd4 Nc6 5. Nc3 a6 6. Be3 Qc7 7. Bd3 b5 8. O-O
Bb7 9. Qe2 Nf6 10. a3 Ne5 11. h3 Be7 12. f4 Nc4 13. Ndxb5 axb5 14. Nxb5 Qb8 15.
Bxc4 Nxe4 16. Rfd1 d5 17. Bd3 Nc5 18. Nd4 O-O 19. Nf3 Rc8 20. Ne5 g6 21. Kh1
Qc7 22. Qg4 Bf8 23. Nf3 Bg7 24. Bd4 Bxd4 25. Nxd4 Ba6 26. f5 Bxd3 27. cxd3 h5
28. Qf3 Qe5 29. fxg6 fxg6 30. Ne2 Rf8 31. Qg3 Qxg3 32. Nxg3 Nb3 33. Rf1 Nxa1
34. Rxa1 Rf2 35. Rb1 Rd2 36. Kg1 Rxd3 37. Ne2 Rf8 38. Nc3 Rd2 39. b4 Rff2 40.
b5 Rxg2+ 41. Kh1 Rh2+ 42. Kg1 Rdg2+ 43. Kf1 Rb2 44. Rxb2 Rxb2 45. a4 d4 46. Ne4
Kf8 0-1

[Event "OLNO 1819 SC Weisse Dame - SK König Teg"]
[Site "?"]
[Date "2018.11.25"]
[Round "3.6"]
[White "Uhl, Heinz"]
[Black "Maxion, Dirk"]
[Result "1-0"]
[WhiteElo "2137"]
[BlackElo "2116"]
[PlyCount "151"]
[EventDate "2018.??.??"]

1. c4 Nf6 2. Nc3 c5 3. g3 e6 4. e4 Nc6 5. Bg2 d5 6. cxd5 exd5 7. d3 dxe4 8.
dxe4 Qxd1+ 9. Nxd1 Nb4 10. Ne3 Be6 11. Ne2 Nd3+ 12. Kf1 O-O-O 13. Nf4 Nxf4 14.
gxf4 Nh5 15. f5 Bd7 16. Nd5 Bb5+ 17. Ke1 Bc6 18. Be3 Bxd5 19. exd5 Bd6 20. b4
c4 21. Bxa7 Nf4 22. Kf1 Bxb4 23. Rc1 b5 24. Rb1 Bd2 25. Rxb5 Rhe8 26. Be3 c3
27. Rc5+ Kd7 28. f6 Ra8 29. Bf3 Rxa2 30. Bxf4 Bxf4 31. Rxc3 gxf6 32. Bg4+ Kd6
33. Kg2 Rg8 34. Kf3 Be5 35. Rd3 Rb8 36. Ke3 Rbb2 37. f4 Rxh2 38. fxe5+ fxe5 39.
Rxh2 Rxh2 40. Kf3 Ra2 41. Bf5 Ra5 42. Be4 f5 43. Bxf5 Rxd5 44. Ra3 Rd4 45. Ra6+
Kc5 46. Be4 Rd6 47. Ra5+ Kd4 48. Ra4+ Kc5 49. Bxh7 Rf6+ 50. Ke3 Rh6 51. Bf5 Rb6
52. Bd3 Rb4 53. Ra6 Rb6 54. Ra5+ Kd6 55. Bc4 Rc6 56. Rd5+ Ke6 57. Rd4+ Kf6 58.
Rh4 Kg5 59. Re4 Kf6 60. Bd3 Rd6 61. Rh4 Rd4 62. Rh6+ Ke7 63. Bc2 Rc4 64. Bf5
Rc5 65. Ke4 Kf7 66. Be6+ Kg7 67. Rh1 Kf6 68. Bd5 Ra5 69. Rf1+ Kg6 70. Kxe5 Ra6
71. Rg1+ Kh6 72. Be6 Kh5 73. Kf6 Kh4 74. Rg4+ Kh5 75. Rb4 Rc6 76. Rb3 1-0

[Event "OLNO 1819 SC Weisse Dame - SK König Teg"]
[Site "?"]
[Date "2018.11.25"]
[Round "3.7"]
[White "Lorenz, Sascha"]
[Black "Venske, Kai-Gerrit"]
[Result "1-0"]
[WhiteElo "2239"]
[BlackElo "2179"]
[PlyCount "117"]
[EventDate "2018.??.??"]

1. Nf3 f5 2. d3 d6 3. e4 e5 4. Nc3 Nf6 5. exf5 Bxf5 6. d4 Nbd7 7. dxe5 dxe5 8.
Bc4 Nb6 9. Qxd8+ Rxd8 10. Bb3 Bd6 11. O-O Kd7 12. Be3 Rde8 13. h3 Ne4 14. Nxe4
Bxe4 15. Nd2 Bf5 16. Rfd1 Kc8 17. a4 Nd7 18. Nc4 Bc5 19. Rxd7 Bxe3 20. Rf7 Be6
21. Nxe3 Bxf7 22. Bxf7 Rd8 23. Nc4 e4 24. Re1 Rhf8 25. Be6+ Kb8 26. g3 Rfe8 27.
Rxe4 g6 28. Re3 Rd4 29. b3 c6 30. a5 Kc7 31. Kg2 b5 32. axb6+ axb6 33. h4 b5
34. Bh3 Rxe3 35. Nxe3 Kd6 36. h5 Rd2 37. Kf1 Ke7 38. Bg2 Rd6 39. Ke2 Re6 40.
hxg6 hxg6 41. f4 Kd6 42. Bh3 Re8 43. g4 Kc5 44. Kd3 Rd8+ 45. Kc3 b4+ 46. Kb2
Rh8 47. Bg2 Re8 48. Nc4 Re2 49. Bf3 Rf2 50. Ne5 Kd6 51. Kc1 c5 52. g5 c4 53.
bxc4 Rf1+ 54. Kb2 Kc5 55. Bd5 Kd4 56. Nxg6 Rg1 57. Ne5 Ke3 58. Nd3 Rg4 59. Bf7
1-0

[Event "OLNO 1819 SC Weisse Dame - SK König Teg"]
[Site "?"]
[Date "2018.11.25"]
[Round "3.8"]
[White "Mahn, Franko"]
[Black "Wierzbicki, Jirawat"]
[Result "0-1"]
[WhiteElo "2139"]
[BlackElo "2199"]
[PlyCount "66"]
[EventDate "2018.??.??"]

1. c4 e5 2. Nc3 Nf6 3. g3 d5 4. cxd5 Nxd5 5. Bg2 Nb6 6. Nf3 Nc6 7. O-O Be7 8.
a3 O-O 9. d3 Be6 10. b4 f6 11. Bb2 Qd7 12. Rc1 a5 13. b5 Na7 14. a4 c6 15. bxc6
Nxc6 16. Nb5 Rfc8 17. Nd2 Nb4 18. Ne4 Na6 19. f4 exf4 20. gxf4 Nc5 21. Nxc5
Bxc5+ 22. d4 Be7 23. Rxc8+ Rxc8 24. e4 Bc4 25. Rf2 Nxa4 26. Qxa4 Qxb5 27. Qa1
a4 28. e5 Ra8 29. d5 fxe5 30. Bxe5 Bc5 31. Bd4 Bxd4 32. Qxd4 a3 33. d6 a2 0-1

[Event "OLNO 1819 SC Kreuzberg - SK König Teg"]
[Site "?"]
[Date "2018.12.16"]
[Round "4.1"]
[White "Giemsa, Stephan"]
[Black "Glantz, Robert"]
[Result "1/2-1/2"]
[WhiteElo "2273"]
[BlackElo "2329"]
[PlyCount "132"]
[EventDate "2018.??.??"]

1. d4 Nf6 2. c4 e6 3. g3 d5 4. Nf3 dxc4 5. Bg2 a6 6. O-O Nc6 7. e3 Bd7 8. Qe2
Bd6 9. Qxc4 O-O 10. Rd1 Rb8 11. Qe2 Qe7 12. e4 e5 13. d5 Nd4 14. Nxd4 exd4 15.
Bg5 h6 16. Bxf6 Qxf6 17. Nd2 Rfe8 18. Nc4 Bb5 19. a4 Bxc4 20. Qxc4 b5 21. axb5
Rxb5 22. Ra2 Reb8 23. Rd2 g5 24. Qe2 a5 25. Qf3 Qxf3 26. Bxf3 Be5 27. Bd1 Rc5
28. Kg2 Kg7 29. Be2 f5 30. Bd3 fxe4 31. Bxe4 Rb3 32. Ra3 Rxa3 33. bxa3 Rc3 34.
Rd3 Kf6 35. Rxc3 dxc3 36. Kf3 Bd6 37. a4 Ke5 38. Bc2 Kxd5 39. h3 Bc5 40. Ke2
Kc4 41. f4 gxf4 42. gxf4 Bd4 43. Kd1 Be3 44. f5 Bg5 45. Ke2 Kb4 46. Kd1 Ka3 47.
Ke2 Kb2 48. Kd1 Bf6 49. Be4 h5 50. Bc2 Ka3 51. Ke2 Kb2 52. Kd1 Bg5 53. f6 Bxf6
54. Bf5 Kb3 55. Bc2+ Kc4 56. Ke2 Bg5 57. Kd1 Kd4 58. Ke2 h4 59. Bh7 Be7 60. Bg6
Kc5 61. Kd1 Kb4 62. Bc2 Bg5 63. Ke2 Ka3 64. Kd1 Kb2 65. Bf5 Kb3 66. Bc2+ Kc4
1/2-1/2

[Event "OLNO 1819 SC Kreuzberg - SK König Teg"]
[Site "?"]
[Date "2018.12.16"]
[Round "4.2"]
[White "Thesing, Matthias"]
[Black "Dimitrijeski, Boris"]
[Result "1/2-1/2"]
[WhiteElo "2321"]
[BlackElo "2232"]
[PlyCount "96"]
[EventDate "2018.??.??"]

1. e4 e5 2. Nf3 Nc6 3. Nc3 Nf6 4. Bb5 Nd4 5. Bc4 Bc5 6. Nxe5 Qe7 7. Nd3 Bb6 8.
Nf4 d5 9. Nfxd5 Nxd5 10. Bxd5 Qh4 11. d3 Bg4 12. Qd2 c6 13. Bb3 Bf3 14. O-O
Bxg2 15. Kxg2 Qg4+ 16. Kh1 Qf3+ 17. Kg1 Qg4+ 18. Kh1 Qf3+ 19. Kg1 Qh3 20. Bxf7+
Kf8 21. Bh5 Qxh5 22. Qf4+ Kg8 23. Be3 Rf8 24. Qg3 Rf6 25. Kh1 Nf3 26. Bxb6 axb6
27. Rg1 Nxg1 28. Rxg1 g6 29. f4 Kg7 30. e5 Rf5 31. Ne4 Rhf8 32. Nf6 R8xf6 33.
exf6+ Rxf6 34. Re1 Qd5+ 35. Kg1 Qd4+ 36. Qe3 Qxb2 37. c4 c5 38. Qe7+ Rf7 39.
Qe5+ Qxe5 40. fxe5 Re7 41. Kf2 Kf7 42. Rb1 Ke6 43. Rxb6+ Kxe5 44. Ke3 Kf5+ 45.
Kf3 Ke5 46. Ke3 Kf5+ 47. Kf3 Rd7 48. Ke3 Re7+ 1/2-1/2

[Event "OLNO 1819 SC Kreuzberg - SK König Teg"]
[Site "?"]
[Date "2018.12.16"]
[Round "4.3"]
[White "Dimitrijeski, Kristian"]
[Black "Lerch, Philipp"]
[Result "1/2-1/2"]
[WhiteElo "2138"]
[BlackElo "2326"]
[PlyCount "105"]
[EventDate "2018.??.??"]

1. d4 Nf6 2. c4 b6 3. Nc3 Bb7 4. Bg5 h6 5. Bh4 g5 6. Bg3 d6 7. f3 Nbd7 8. e4 e5
9. d5 h5 10. h4 g4 11. Be2 Rg8 12. fxg4 hxg4 13. h5 Bh6 14. Bh4 a6 15. Bd3 Qe7
16. Nge2 O-O-O 17. Ng3 Bg5 18. Bxg5 Rxg5 19. Qd2 Nh7 20. O-O-O f6 21. Rdf1 Rh8
22. Nd1 Qe8 23. Ne3 Kb8 24. Nef5 Nc5 25. Bc2 Bc8 26. Nh4 Rhg8 27. Qe3 Qd8 28.
b4 Nb7 29. Kb2 Bd7 30. a3 c5 31. dxc6 Bxc6 32. Nhf5 Qc7 33. Bb3 Rc8 34. Rd1 Be8
35. Rc1 Bf7 36. Qe2 a5 37. Ne3 axb4 38. axb4 Rgg8 39. Nxg4 Be6 40. Nf5 Bxf5 41.
exf5 d5 42. cxd5 Qd6 43. Rxc8+ Rxc8 44. Qd2 Ng5 45. h6 e4 46. Rc1 Rxc1 47. Kxc1
Qg3 48. Ne3 Nd6 49. Qd4 Ka7 50. Qa1+ Kb8 51. Qd4 Ka7 52. Qa1+ Kb8 53. Qd4
1/2-1/2

[Event "OLNO 1819 SC Kreuzberg - SK König Teg"]
[Site "?"]
[Date "2018.12.16"]
[Round "4.4"]
[White "Moritz, Aron"]
[Black "Jahnz, Fabian"]
[Result "1-0"]
[WhiteElo "2212"]
[BlackElo "2252"]
[PlyCount "83"]
[EventDate "2018.??.??"]

1. e4 e5 2. Nf3 Nc6 3. Bc4 Bc5 4. c3 Nf6 5. d3 d6 6. Bb3 a6 7. h3 Ba7 8. Nbd2
O-O 9. Nf1 d5 10. Qe2 h6 11. g4 dxe4 12. dxe4 Nh7 13. Ng3 Be6 14. O-O Bxb3 15.
axb3 Qf6 16. Kg2 Ne7 17. b4 Ng6 18. Nh5 Qe7 19. Be3 Nf6 20. Nxf6+ Qxf6 21. Kg3
Rfd8 22. Rfd1 Bxe3 23. Qxe3 Qc6 24. Nh4 Nf4 25. Nf5 Kh7 26. Qf3 Qc4 27. Ne3 Qb3
28. Nd5 Nxd5 29. exd5 Qxb2 30. Qe4+ Kg8 31. Qxe5 Re8 32. Qd4 Re2 33. Rab1 Qc2
34. Rbc1 Qg6 35. Qf4 Qb6 36. c4 g5 37. Qf3 Rae8 38. c5 Qxb4 39. d6 cxd6 40.
cxd6 Qf4+ 41. Qxf4 gxf4+ 42. Kf3 1-0

[Event "OLNO 1819 SC Kreuzberg - SK König Teg"]
[Site "?"]
[Date "2018.12.16"]
[Round "4.5"]
[White "Kather, Yannick"]
[Black "Lehmann, Klaus"]
[Result "0-1"]
[WhiteElo "2096"]
[BlackElo "2253"]
[PlyCount "108"]
[EventDate "2018.??.??"]

1. e4 c6 2. d4 d5 3. Nd2 dxe4 4. Nxe4 Nf6 5. Nxf6+ exf6 6. c3 Bd6 7. Bd3 O-O 8.
Ne2 Qc7 9. Qc2 h6 10. h3 Re8 11. O-O Nd7 12. c4 c5 13. Be3 cxd4 14. Nxd4 a6 15.
Nf5 Bf8 16. Be2 Ne5 17. Rac1 Bd7 18. Rfd1 Rad8 19. c5 Bc6 20. Rxd8 Rxd8 21. b4
Ng6 22. Nd4 Bd5 23. Bc4 Qe5 24. Bxd5 Qxd5 25. Qc4 Qe4 26. Nf3 Qc6 27. Qc2 Qd5
28. a4 Ne5 29. Nd4 Ng6 30. Nf3 Ne5 31. Nd4 Ng6 32. Nf3 f5 33. Qc4 Qe4 34. b5
Rd1+ 35. Kh2 Rxc1 36. Qxc1 Qxa4 37. c6 bxc6 38. bxc6 Bd6+ 39. Kh1 Bc7 40. Bd4
Qb5 41. Bb2 Nf4 42. Ne5 Ne6 43. Nf3 Bf4 44. Qc2 Bc7 45. Kg1 Qd5 46. Qc3 a5 47.
g3 a4 48. Ne5 f4 49. Nd7 Qd1+ 50. Kh2 fxg3+ 51. fxg3 Qe2+ 52. Kh1 Qf1+ 53. Kh2
Qf2+ 54. Kh1 Bxg3 0-1

[Event "OLNO 1819 SC Kreuzberg - SK König Teg"]
[Site "?"]
[Date "2018.12.16"]
[Round "4.6"]
[White "Glienke, Manfred"]
[Black "Niehaus, Frank"]
[Result "1/2-1/2"]
[WhiteElo "2251"]
[BlackElo "2167"]
[PlyCount "35"]
[EventDate "2018.??.??"]

1. c4 Nf6 2. Nc3 g6 3. g3 Bg7 4. Bg2 O-O 5. Nf3 d6 6. O-O e5 7. d3 Nc6 8. Rb1
a5 9. a3 h6 10. b4 axb4 11. axb4 Be6 12. b5 Ne7 13. Bb2 Qd7 14. Re1 Bh3 15. Bh1
Ng4 16. Qb3 Kh8 17. Ra1 Rab8 18. c5 1/2-1/2

[Event "OLNO 1819 SC Kreuzberg - SK König Teg"]
[Site "?"]
[Date "2018.12.16"]
[Round "4.7"]
[White "Lorenz, Sascha"]
[Black "Holzapfel, Daniel"]
[Result "1/2-1/2"]
[WhiteElo "2247"]
[BlackElo "2264"]
[PlyCount "21"]
[EventDate "2018.??.??"]

1. Nf3 Nf6 2. c4 e6 3. g3 d5 4. Bg2 Be7 5. O-O O-O 6. b3 c5 7. Bb2 Nc6 8. e3 d4
9. exd4 cxd4 10. Re1 Ne8 11. Ne5 1/2-1/2